LEADER 01293nas a2200289 i 4500 001 000000137792 003 CaOOAMICUS 005 20050426000000.0 008 050426b1993 gw uu u0 0ger r 013 $a111650 040 $aSeMil$bita 245 10$a1993 /$cSchriftleitung Vinzenz Pfnür. 260 $aMünster :$bAschendorff,$ccopyr. 1993. 300 $aXVI, 528 col. ;$c30 cm. 700 1 $aPfnür, Vinzenz <1937-2012>.$0(OLS)http://semarc/name/55861 774 0 $t89. Jahrgang 1993 [Inhaltsverzeichnis].$w()261124 774 0 $tKirchen in der DDR ; Quellenveröffentlichungen zur katholischen Kirche in der DDR. - Titoli principali dalla prima pagina.$w()261125 774 0 $tKatholische Soziallehre heute.$w()261169 774 0 $tJohn Henry Newmann (1801-1990) nach einhundert Jahren.$w()261170 774 0 $t"Denn Gott soll man trauen allein".$w()261171 774 0 $tPluralistische Modell in der Theologie der Religionen.$w()261172 774 0 $tNeuere Literatur über das Buch Jesaja.$w()261173 850 $aSeMil 852 $aSeMil$W1$xVenegono$y1$m201 6 10$j91318$B91318$CSeMilBibl$Z2$F96299 $85 961 $aAbbonamento: Aschendorff 996 $6245$a1993$9(OLS)http://semarc/title/201344 996 $6260$aMünster :$bAschendorff$9(OLS)http://semarc/publisher/29674 LEADER 01209nam a2200289 i 4500 001 000000225369 003 CaOOAMICUS 005 20131202000000.0 008 131202s1980 it u000 u ita u 013 $a204271 020 $a88-211-8112-X 040 $aSeMil$bita 100 1 $aRomanato, Gianpaolo,$d<1947- >.$0(OLS)http://semarc/name/23739 245 10$aCultura cattolica in Italia :$bieri e oggi /$cG. Romanato, F. Molinari. 260 $a[Genova] :$bMarietti,$c1980. 300 $a271 p. ;$c20 cm. 490 0 $aChiesa sotto inchiesta 650 4$aItalia - Cultura - Saggi.$0(OLS)http://semarc/subject/22875 650 4$aCultura cristiana.$0(OLS)http://semarc/subject/20283 700 1 $aMolinari, Franco,$d<1928-1991>.$0(OLS)http://semarc/name/14470 830 0$aChiesa sotto inchiesta.$0(OLS)http://semarc/title/6550 850 $aSeMil 852 $aSeMil$W1$xVenegono$y1$m3N II 686$j175715$B175715$CSeMilBibl$Z2$F186577 $81 961 $aOmaggio: Altro 996 $6020$a88-211-8112-X$9(OLS)http://semarc/number/79825 996 $6245$aCultura cattolica in Italia :$bieri e oggi$9(OLS)http://semarc/title/322799 996 $6260$a[Genova] :$bMarietti$9(OLS)http://semarc/publisher/30011